000 00218 a2200097 4500
001 48073
100 _aGibb
245 _aIslamic society and the West
260 _aLondon
_bOxford univ press
_c
090 _c31052
_d31052
942 _aNUST-CAE
_cM
_c23395
999 _c283146
_d283146